02473nam a22002417a 4500003000400000020001800004082001700022100002100039245010400060250000900164260002900173300000800202650004500210653087600255942001601131952016601147952017301313952017301486952018501659952018501844952018502029999001702214SGT a9789332548954 a658.4012 WHE aWHEELEN,THOMAS L aCONCEPTS IN STRATEGIC MANAGEMENT AND BUSINESS POLICY: GLOBALIZATION, INNOVATION, AND SUSTAINABILITY a14TH aNEW DELHIbPEARSONc2016 a387 aSTRATEGIC MANAGEMENT AND BUSINESS POLICY aPART ONE Introduction to Strategic Management and Business Policy CHAPTER 1 Basic Concepts of Strategic Management CHAPTER 2 Corporate Governance CHAPTER 3 Social Responsibility and Ethics in Strategic Management PART TWO Scanning the Environment CHAPTER 4 Environmental Scanning and Industry Analysis CHAPTER 5 Internal Scanning: Organizational Analysis PART THREE Strategy Formulation CHAPTER 6 Strategy Formulation: Situation Analysis and Business Strategy CHAPTER 7 Strategy Formulation: Corporate Strategy CHAPTER 8 Strategy Formulation: Functional Strategy and Strategic Choice PART FOUR Strategy Implementation and Control CHAPTER 9 Strategy Implementation: Organizing for Action CHAPTER 10 Strategy Implementation: Staffing and Directing CHAPTER 11 Evaluation and Control PART FIVE Introduction to Case Analysis CHAPTER 12 Suggestions for Case Analysis  2ddccFCM07 00102ddc40718CMaSSSLbSSSLcREFd2017-01-28eINDIAN PUBLISHERS & DISTRIBUTORSg575.00iSGTUo658.4012 WHEpCM3277r2017-01-28 00:00:00w2016-12-20yFCMk117 00102ddc40708CMaSSSLbSSSLcDISPLAYd2017-01-28eINDIAN PUBLISHERS & DISTRIBUTORSg575.00iSGTUl0o658.4012 WHEpCM3278r2017-01-28 00:00:00w2016-12-20yFCMk117 00102ddc40708CMaSSSLbSSSLcDISPLAYd2017-01-28eINDIAN PUBLISHERS & DISTRIBUTORSg575.00iSGTUl0o658.4012 WHEpCM3279r2017-01-28 00:00:00w2016-12-20yFCMk117 00102ddc40708CMaSSSLbSSSLcDISPLAYd2017-01-28eINDIAN PUBLISHERS & DISTRIBUTORSg575.00iSGTUl2o658.4012 WHEpCM3280r2023-09-18 00:00:00s2023-09-09w2016-12-20yFCMk117 00102ddc40708CMaSSSLbSSSLcDISPLAYd2017-01-28eINDIAN PUBLISHERS & DISTRIBUTORSg575.00iSGTUl4o658.4012 WHEpCM3281r2023-12-11 00:00:00s2023-12-05w2016-12-20yFCMk117 00102ddc40708CMaSSSLbSSSLcDISPLAYd2017-01-28eINDIAN PUBLISHERS & DISTRIBUTORSg575.00iSGTUl3o658.4012 WHEpCM3282r2025-01-04 00:00:00s2024-12-24w2016-12-20yFCMk117 c10640d10640